| 000 | 00938cam a22002651 4500 | ||
|---|---|---|---|
| 001 | 6588670 | ||
| 005 | 20050825125815.0 | ||
| 008 | 730302s1966 nyua b 000 0 eng | ||
| 010 | _a 65028135 | ||
| 035 | _a(OCoLC)568239 | ||
| 040 |
_aDLC _cODaWU _dOCoLC _dDLC |
||
| 042 | _apremarc | ||
| 050 | 0 | 0 |
_aTK2896 _b.S9 |
| 082 |
_a621.3124 _222 _bDIR |
||
| 100 | 1 |
_aSutton, George W. _q(George Walter), _d1927- _eed. _96754 |
|
| 245 | 1 | 0 |
_aDirect energy conversion, _cedited by George W. Sutton. |
| 260 |
_aNew York: _bMcGraw-Hill, _c1966 |
||
| 300 |
_axvi, 342 p.: _bill. ; _c23 cm. |
||
| 440 | 0 | _96755 | |
| 490 |
_aInter-university electronics series, _vv. 3 |
||
| 504 | _aIncludes bibliographical references and index | ||
| 650 | 0 |
_aDirect energy conversion. _96756 |
|
| 942 |
_2ddc _cBB |
||
| 999 |
_c11982 _d11982 |
||